| 000 | 00689nam a2200217 a 4500 | ||
|---|---|---|---|
| 001 | 000023119 | ||
| 005 | 20200930022012.0 | ||
| 008 | 101126s1991 fr a r 000 0 spa d | ||
| 020 | _a2855662958 | ||
| 040 |
_aDO-SdBNP _bspa _cBNPHU |
||
| 082 |
_aNNN _bA946p, 1991 |
||
| 100 | 1 |
_aAïvanhov, Omraam Mikhaël, _c1900-1986. _940493 |
|
| 245 | 1 | 0 |
_aNavidad y pascua en la tradición iniciática / _cOmraam Mikhaël Aïvanhov. |
| 250 | _a3a ed. | ||
| 260 |
_aFréjus, (Francia) : _bProsveta, _c1991. |
||
| 300 |
_a151, [8] p. : _bil. ; _c18 cm. |
||
| 490 | 1 |
_aIzvor _v209 |
|
| 534 |
_aTítulo original del francés: _tNoël et pâques dans. |
||
| 830 | 0 |
_aIzvor ; _v209 _940495 |
|
| 049 | _aBNGR | ||
| 999 |
_c22616 _d22616 |
||